00298nam a2200085 a 450000500170000000800410001705000210005810000230007924501100010220140408090024.0021121s19uu xx 00 eng d aPGS '98bREY #26 aReyes, Paula Erika aThe perception of the fourth year students of Southville International School SY 97-98 regarding the May.